00660nam a2200181 a 450000100100000000500170001000800410002704000250006808200170009310000290011024500670013926000720020630000280027870000250030604900090033195201210034099900170046100002356220200930022318.0101213s1949 ag a r 000 0 spa d aDO-SdBNPbspacBNPHU axxxxxbC341r1 aCasona, Alejandro94449310aRetablo jovial :bcinco farsas de un acto /cAlejandro Casona. aBuenos Aires, Argentina :bLibrería y Editorial el Ateneo,c1949. a178 p. :bil. ;c21 cm.1 aMuñoz, Gori948570 aBNGR 001054708MOaGRbGRcCTd2010-12-13iLF1l0oxxxxx C341rp23562-10r2020-06-25w2020-06-25y4ZPréstamo en sala c23058d23058